000 01520nam0a22003011 4500
001 rc\4590989
005 20130416192526.7
021 _aRU
_b[61-22249]
035 _a(NLR Aleph) 008661466
090 _a9063984
_c9063984
100 _a20130416d1961 |||y0rusy50 ca
101 0 _arus
102 _aRU
105 _aa c |||||
200 1 _aМетодические указания к применению примерного семидневного меню-раскладки, рекомендуемого для лечения больных атеросклерозом
_eУтв. Учен. советом М-ва здравоохранения УССР 9/XI 1960 г.
_fМ-во здравоохранения УССР. Укр. науч.-исслед. ин-т питания. Клиника лечебного питания
210 _a[Киев
_cБ. и.
_d1961]
215 _a65 с., 2 л. табл.
_d22
300 _aНа обороте тит. л. сост.: д-р мед. наук М.С. Говорова, врач К.Г. Рыжкова
606 _aАтеросклероз
_xЛечение диетой
_2psbo
606 _aПитание лечебное
_2psbo
702 1 _aРыжкова
_bК. Г.
_4220
702 1 _aГоворова
_bМ. С.
_4220
712 0 1 _aУССР
_bМинистерство здравоохранения
_bУченый совет
_3RU\NLR\AUTH\8810140497
801 0 _aRU
_bNLR
_gpsbo
801 1 _aRU
_bELAR
_2rusmarc
852 _aNLR
_j61-6/3178
942 _cBOOK
980 _aNB